000 00275nam a22001217a 4500
008 170525b xxu||||| |||| 00| 0 eng d
041 _aeng
080 _a621
100 _a26
101 _aIM
245 _aELECTROMECHANICAL ENERGY CONVERSION
_cELLISON,A.J
942 _2udc
_cBK
999 _c14200
_d14200